Communication systems / (Record no. 180821)

000 -LEADER
fixed length control field 00863 a2200205 4500
003 - CONTROL NUMBER IDENTIFIER
control field Nust
005 - DATE AND TIME OF LATEST TRANSACTION
control field 20221208193630.0
010 ## - LIBRARY OF CONGRESS CONTROL NUMBER
LC control number 82017593
020 ## - INTERNATIONAL STANDARD BOOK NUMBER
International Standard Book Number 0471880884
040 ## - CATALOGING SOURCE
Transcribing agency Nust
082 00 - DEWEY DECIMAL CLASSIFICATION NUMBER
Classification number 621.382,HAY
100 1# - MAIN ENTRY--PERSONAL NAME
Personal name Haykin, Simon S.,
9 (RLIN) 97334
245 10 - TITLE STATEMENT
Title Communication systems /
Statement of responsibility, etc. Simon Haykin.
250 ## - EDITION STATEMENT
Edition statement 2nd ed.
260 ## - PUBLICATION, DISTRIBUTION, ETC.
Place of publication, distribution, etc. New York :
Name of publisher, distributor, etc. Wiley,
Date of publication, distribution, etc. c1983.
300 ## - PHYSICAL DESCRIPTION
Extent xvi, 653 p. :
Other physical details ill. ;
Dimensions 24 cm.
505 ## - FORMATTED CONTENTS NOTE
Formatted contents note Introduction (Page-2), Representation of Signals and Systems (Page-10), Amplitude Modulation (Page-112), Angle Modulation (Page-180), Radom Processes (Page-230), Noise in CW Modulation (Page-318), Pulse Analog Modulation (Page-364), Pulse Digital Modulation (Page-408), Based data Transmission (Page-466), Band-Pass Data Transmission (Page-506).
650 #0 - SUBJECT ADDED ENTRY--TOPICAL TERM
Topical term or geographic name entry element Telecommunications engineering.
9 (RLIN) 58485
942 ## - ADDED ENTRY ELEMENTS (KOHA)
Source of classification or shelving scheme
Koha item type Book
Holdings
Withdrawn status Lost status Source of classification or shelving scheme Damaged status Not for loan Permanent Location Current Location Shelving location Date acquired Full call number Barcode Date last seen Price effective from Koha item type Public note Total Checkouts
          Military College of Signals (MCS) Military College of Signals (MCS) General Stacks 12/12/2016 621.382,HAY MCS5057 12/08/2016 12/12/2016 Book Almirah No.35, Shelf No.3  
          Military College of Signals (MCS) Military College of Signals (MCS) General Stacks 12/08/2022 621.382,HAY MCS962 12/08/2022 12/08/2022 Book Almirah No.35, Shelf No.3  
© 2023 Central Library, National University of Sciences and Technology. All Rights Reserved.